| 000 | 00740nam a2200181Ia 4500 | ||
|---|---|---|---|
| 003 | GCL | ||
| 008 | 140319s9999 xx 000 0 ara d | ||
| 040 |
_aGCL / _cGCL |
||
| 082 | 0 | 4 |
_a658.301 _bع د |
| 100 | 1 | _aعبدالقادر محمد عبدالقادر عطية | |
| 245 | 1 | 0 |
_aدراسات الجدوى التجارية والاقتصادية والاجتماعية مع تطبيقات على الحاسب الالكترونى / _cعبدالقادر محمد عبدالقادر عطية |
| 260 |
_aالقاهرة : _bدار الجامعات المصرية ، _c1994 |
||
| 300 |
_a289 ص ؛ _c24 سم |
||
| 490 | _a | ||
| 650 | 0 | 4 | _aادارة الاعمال |
| 650 | 0 | 4 | _aالحاسبات الالكترونية |
| 942 |
_2ddc _cBK |
||
| 999 |
_c38706 _d38706 |
||